000 00996nam a22003138i 4500
999 _c29339
_d29310
001 018447843
003 EG-ScBUE
005 20210808140818.0
008 170728s2017 enk f b 000 0 eng d
020 _a9781912127580
040 _aStDuBDS
_beng
_erda
_cStDuBDS
_dEG-ScBUE
082 0 4 _a305.42
_bDIN
_222
100 1 _aDini, Rachele,
_eauthor.
245 1 3 _aAn analysis of Simone de Beauvoir's :
_bThe second sex /
_cRachele Dini.
264 1 _aLondon :
_bRoutledge,
_c2017.
300 _a102 pages ;
_c18 cm.
336 _atext
_2rdacontent
_btxt
337 _acomputer
_2rdamedia
_bn
338 _aonline resource
_2rdacarrier
_bnc
490 0 _aMacat library
504 _aIncludes bibliographical references.
600 1 7 _aBeauvoir, Simone de,
_d1908-1986,
_tDeuxième sexe.
_2BUEsh
650 7 _aFeminist theory.
_2BUEsh
650 7 _aWomen
_2Social conditions.
_vBUEsh
653 _bGGEN
_cAugust2021
655 _vReading book
_934232
942 _2ddc
_cBB